| 000 | 00907cab a2200277 4500 | ||
|---|---|---|---|
| 001 | ABS58411 | ||
| 008 | 090401t1998 xxu||||| |||| 00| 0 eng d | ||
| 035 | _a(Sirsi) u84751 | ||
| 041 | _aeng | ||
| 100 | _aMcAllister, P. | ||
| 245 | _aConversion aversion? The Euro and the property manager | ||
| 260 | _c1998 | ||
| 350 | _a0 | ||
| 490 |
_aProperty Management _v16(1) 1998, 10-15(6) |
||
| 520 | _aExamines the implications of European Monetary Union for property managers of operational and investment property portfolios. References. | ||
| 650 | _aEMU | ||
| 650 | _aEUROPEAN MONETARY UNION | ||
| 650 | _aOPERATIONAL PROPERTY | ||
| 650 |
_aProperty management _96262 |
||
| 650 | _aPROPERTY MANAGERS | ||
| 650 | _aPROPERTY PORTFOLIOS | ||
| 650 | _aSINGLE CURRENCY | ||
| 690 | _aPROPERTY-COMMERCIAL PROPERTY-COMMERCIAL PROPERTY FINANCE AND INVESTMENT | ||
| 942 | _n0 | ||
| 948 | _c09/03/1998 | ||
| 999 |
_c53300 _d53300 |
||